Capitales européenes - Statistiques

Statistiques générales
  • Ce quiz a été pris 435 fois
  • Le résultat moyen est 35 sur 47
Statistiques - réponses
Pays Capitale % Correct
France Paris
98%
Allemagne Berlin
97%
Espagne Madrid
96%
Belgique Bruxelles
95%
Italie Rome
95%
Grèce Athènes
92%
Monaco Monaco
92%
Luxembourg Luxembourg
91%
Irlande Dublin
90%
Pays Bas Amsterdam
88%
Autriche Vienne
88%
Royaume-Uni Londres
87%
Portugal Lisbonne
85%
Russie Moscou
85%
Hongrie Budapest
84%
Ukraine Kiev
84%
Norvège Oslo
84%
Vatican Vatican
83%
Suisse Berne
80%
Danemark Copenhague
80%
Finlande Helsinki
80%
Bulgarie Sofia
80%
Roumanie Bucarest
79%
Andorre Andorre-La-Vieille
78%
Croatie Zagreb
78%
Pologne Varsovie
77%
Suède Stockholm
76%
Saint-Marin Saint-Marin
74%
Islande Reykjavik
71%
Malte La Valette
68%
Biélorussie Minsk
68%
République Tcheque Prague
68%
Turquie Ankara
66%
Lettonie Riga
65%
Bosnie-Herzégovine Sarajevo
64%
Albanie Tirana
63%
Estonie Tallinn
61%
Lituanie Vilnius
61%
Serbie Belgrade
53%
Chypre Nicosie
53%
Slovaquie Bratislava
52%
Liechtenstein Vaduz
52%
Slovenie Ljubljana
51%
Macédoine du Nord Skopje
45%
Moldavie Chisinau
44%
Montenegro Podgorica
41%
Kazakhstan Astana
37%
Aucun quiz correspondant
Distribution des résultats
% des personnes avec chaque résultat
Percentile par nombre de réponses
Votre historique - résultats
Vous n’avez pas pris ce quiz